[Event "Port of Spain op"]
[Site "Port of Spain"]
[Date "2017.09.02"]
[Round "9"]
[White "Soondarsingh, Dev"]
[Black "Matoewi, Roger"]
[Result "0-1"]
[WhiteElo "1951"]
[BlackElo "2058"]
[PlyCount "150"]
[EventDate "2017.08.27"]
[EventType "swiss"]
[EventRounds "9"]
[EventCountry "TRI"]
[SourceTitle "CBM 180 Extra"]
[Source "ChessBase"]
[SourceDate "2017.10.06"]
[SourceVersion "1"]
[SourceVersionDate "2017.10.06"]
[SourceQuality "1"]

1. d4 f5 2. Bg5 Nf6 3. Bxf6 exf6 4. e3 d5 5. Bd3 Bd6 6. Nf3 0-0 7. c4 dxc4 8. Bxc4+ Kh8 9. 0-0 Nc6 10. Nc3 a6 11. Rc1 f4 12. e4 Bg4 13. Be2 Bb4 14. Nd5 f5 15. Rxc6 bxc6 16. Nxb4 fxe4 17. Ne5 Bxe2 18. Qxe2 Qxd4 19. Nbxc6 Qd5 20. Qh5 Qe6 21. Ne7 Rf6 22. N5c6 Raf8 23. Qe5 Qc4 24. b3 Qd3 25. Nb4 Qe2 26. Nbd5 e3 27. fxe3 f3 28. gxf3 Rxf3 29. Rxf3 Rxf3 30. Qa1 Rf2 31. Nf4 Qxe3 32. Nf5 Rf1+ 33. Kxf1 Qxf4+ 34. Kg2 Qxf5 35. Qd4 Qg5+ 36. Kh1 h5 37. Qd3 a5 38. a4 h4 39. Qh3 Kh7 40. Qc3 Qf6 41. Qc4 Qf2 42. Qe4+ Kh6 43. Qc6+ g6 44. Qc1+ Kh5 45. Qd1+ Kg5 46. Qd5+ Kg4 47. Qe4+ Kh5 48. Qd5+ g5 49. Qd1+ Kh6 50. h3 Qe3 51. Qf1 Qe4+ 52. Kg1 Qd4+ 53. Kh1 Qf4 54. Qa6+ Kg7 55. Qe6 Qd6 56. Qe3 Kh6 57. Qf3 c6 58. Kg2 Qd5 59. Kf2 Qxf3+ 60. Kxf3 Kg6 61. Ke4 g4 62. hxg4 Kg5 63. Kf3 c5 64. Ke4 h3 65. Kf3 h2 66. Kg2 Kxg4 67. Kxh2 Kf3 68. Kg1 Ke2 69. Kg2 Kd3 70. Kf3 Kc3 71. Ke4 Kxb3 72. Kd5 c4 73. Kc5 c3 74. Kb5 c2 75. Kxa5 c1Q 0-1

[Event "Paramaribo Srefidensi 4th"]
[Site "Paramaribo"]
[Date "2016.11.24"]
[Round "4"]
[White "Matoewi, Roger"]
[Black "Maduro, Sherman"]
[Result "0-1"]
[WhiteElo "2027"]
[BlackElo "1993"]
[PlyCount "107"]
[EventDate "2016.11.22"]
[EventType "tourn"]
[EventRounds "9"]
[EventCountry "SUR"]
[SourceTitle "CBM 175 Extra"]
[Source "ChessBase"]
[SourceDate "2016.12.12"]
[SourceVersion "1"]
[SourceVersionDate "2016.12.12"]
[SourceQuality "1"]

1. c4 e6 2. Nf3 Nf6 3. g3 b6 4. Bg2 Bb7 5. Nc3 Bb4 6. d3 0-0 7. Bd2 d6 8. 0-0 Nbd7 9. a3 Bxc3 10. Bxc3 e5 11. b4 Rb8 12. e4 c5 13. Ne1 Ne8 14. f4 f6 15. Nc2 g6 16. Ne3 Ng7 17. Ra2 Qe7 18. Raf2 Rf7 19. Bh3 exf4 20. Ng4 Rff8 21. Nh6+ Kh8 22. Rxf4 Ne5 23. R4f2 Ne6 24. Ng4 Ng5 25. Bg2 Rf7 26. Nxf6 Rbf8 27. Ng4 Rxf2 28. Rxf2 Rxf2 29. Kxf2 Kg8 30. Kg1 h5 31. Nxe5 dxe5 32. h4 Ne6 33. Bxe5 cxb4 34. axb4 Qxb4 35. Kh2 Qc5 36. d4 Qxc4 37. Qf3 Ng7 38. Qf6 Qf7 39. Qd8+ Kh7 40. d5 b5 41. Qa5 a6 42. Qc3 Qf8 43. Bf4 Ne8 44. e5 b4 45. Qc2 Qf7 46. e6 Qf5 47. Be4 Qg4 48. Bg5 b3 49. Qg2 Nd6 50. e7 a5 51. Bf4 Ne8 52. Qb2 a4 53. Bg2 Qf5 54. d6 0-1

[Event "Port of Spain op"]
[Site "Port of Spain"]
[Date "2016.07.30"]
[Round "2"]
[White "Johnson, Joshua"]
[Black "Matoewi, Roger"]
[Result "1/2-1/2"]
[WhiteElo "2144"]
[BlackElo "2031"]
[PlyCount "71"]
[EventDate "2016.07.29"]
[EventType "swiss"]
[EventRounds "9"]
[EventCountry "TRI"]
[SourceTitle "CBM 173 Extra"]
[Source "ChessBase"]
[SourceDate "2016.08.29"]
[SourceVersion "1"]
[SourceVersionDate "2016.08.29"]
[SourceQuality "1"]

1. e4 c5 2. Nf3 d6 3. d4 cxd4 4. Nxd4 Nf6 5. Nc3 g6 6. Be3 Bg7 7. f3 0-0 8. Qd2 Nc6 9. g4 Bxg4 10. fxg4 Nxg4 11. Bg1 e6 12. h4 h5 13. Nxc6 bxc6 14. Be2 Bh6 15. Qd3 d5 16. Bxg4 hxg4 17. h5 Qg5 18. Qe2 gxh5 19. Bd4 f5 20. exd5 exd5 21. Qe6+ Rf7 22. 0-0 g3 23. Kg2 h4 24. Rh1 f4 25. Raf1 Raf8 26. Rf3 Kh7 27. Bc5 Rf6 28. Qh3 Re8 29. Qxh4 Qf5 30. Qh5 Qxc2+ 31. Kh3 Rg8 32. Qh4 Qf5+ 33. Kg2 Qc2+ 34. Kh3 Qf5+ 35. Kg2 Qc2+ 36. Kh3 1/2-1/2

[Event "SUR-ch"]
[Site "Paramaribo"]
[Date "2015.04.12"]
[Round "9"]
[White "Tjong Tjin, Joe Calvin"]
[Black "Matoewi, Roger"]
[Result "0-1"]
[WhiteElo "2042"]
[BlackElo "2089"]
[PlyCount "126"]
[EventDate "2015.03.20"]
[EventType "tourn"]
[EventRounds "13"]
[EventCountry "SUR"]
[SourceTitle "EXT 2018"]
[Source "ChessBase"]
[SourceDate "2017.10.13"]
[SourceVersion "1"]
[SourceVersionDate "2017.10.13"]
[SourceQuality "1"]

1. d4 Nf6 2. c4 c5 3. d5 e6 4. Nc3 exd5 5. cxd5 d6 6. e4 g6 7. Bd3 Bg7 8. f4 0-0 9. Nf3 Na6 10. 0-0 Nc7 11. Re1 a6 12. a4 b6 13. Bc4 Bb7 14. Qd3 Rb8 15. Be3 Ng4 16. Rad1 Nxe3 17. Rxe3 b5 18. axb5 axb5 19. Nxb5 Nxb5 20. Bxb5 Bc8 21. b3 Bg4 22. Rde1 Qa5 23. Bc4 Bxf3 24. gxf3 Bd4 25. Kg2 Bxe3 26. Qxe3 Rfe8 27. f5 Qd8 28. fxg6 hxg6 29. f4 Ra8 30. Qf2 Qf6 31. Bb5 Re7 32. h4 Rea7 33. Re2 Ra1 34. Bd3 Rd1 35. e5 dxe5 36. Bc2 Rd4 37. fxe5 Qxf2+ 38. Kxf2 Rd8 39. Be4 Rb8 40. e6 Kf8 41. Re3 Ke7 42. Kg3 Rbb4 43. Bf3 fxe6 44. Rxe6+ Kf7 45. Re3 Rxh4 46. Be2 Rhe4 47. Rf3+ Ke7 48. Bd3 Rg4+ 49. Kh3 Rh4+ 50. Kg3 Rbg4+ 51. Kf2 Rf4 52. Bxg6 Kd6 53. Rxf4 Rxf4+ 54. Ke3 Rb4 55. Bc2 Kxd5 56. Kd3 Rh4 57. Kc3 Rh3+ 58. Bd3 Rg3 59. Kc2 Kd4 60. Bc4 Rg2+ 61. Kc1 Kc3 62. Kd1 Rg1+ 63. Ke2 Rb1 0-1

[Event "SUR-ch"]
[Site "Paramaribo"]
[Date "2015.03.25"]
[Round "3"]
[White "Matoewi, Roger"]
[Black "Koenders, Etienne"]
[Result "1-0"]
[WhiteElo "2089"]
[BlackElo "1726"]
[PlyCount "57"]
[EventDate "2015.03.20"]
[EventType "tourn"]
[EventRounds "13"]
[EventCountry "SUR"]
[SourceTitle "EXT 2018"]
[Source "ChessBase"]
[SourceDate "2017.10.13"]
[SourceVersion "1"]
[SourceVersionDate "2017.10.13"]
[SourceQuality "1"]

1. e4 d6 2. d4 Nf6 3. Nc3 e6 4. Nf3 d5 5. Bd3 dxe4 6. Nxe4 Nxe4 7. Bxe4 c5 8. 0-0 f5 9. Bd3 a6 10. Re1 Be7 11. dxc5 0-0 12. Ne5 Bxc5 13. Qf3 Qh4 14. Be3 Bxe3 15. Rxe3 Ra7 16. Qe2 b5 17. Re1 Bb7 18. Rh3 Qg5 19. Nf3 Qf6 20. Qxe6+ Qxe6 21. Rxe6 Bc8 22. Re1 Nc6 23. Rh4 g6 24. a4 b4 25. Nd4 Nxd4 26. Rxd4 a5 27. Re5 Bd7 28. Re7 Re8 29. Rexd7 1-0

[Event "Olympiad-41"]
[Site "Tromsoe"]
[Date "2014.08.08"]
[Round "6.2"]
[White "Laurusas, Tomas"]
[Black "Matoewi, Roger"]
[Result "1-0"]
[WhiteElo "2435"]
[BlackElo "2121"]
[PlyCount "121"]
[EventDate "2014.08.02"]
[EventType "team-swiss"]
[EventRounds "11"]
[EventCountry "NOR"]
[SourceTitle "CBM 162"]
[Source "ChessBase"]
[SourceDate "2014.09.17"]
[SourceVersion "1"]
[SourceVersionDate "2014.09.17"]
[SourceQuality "1"]
[WhiteTeam "Lithuania"]
[BlackTeam "Surinam"]
[WhiteTeamCountry "LTU"]
[BlackTeamCountry "SUR"]

1. c4 Nf6 2. d4 c5 3. d5 b5 4. cxb5 a6 5. bxa6 g6 6. Nc3 Bxa6 7. Nf3 Bg7 8. g3 0-0 9. Bg2 d6 10. 0-0 Nfd7 11. Bd2 Nb6 12. b3 N8d7 13. a4 Ra7 14. Rb1 Qa8 15. Ng5 Nf6 16. Bc1 Rb8 17. Re1 Nbd7 18. Ne6 fxe6 19. dxe6 Bb7 20. Bxb7 Qxb7 21. exd7 Qxd7 22. Nb5 Rab7 23. Bb2 Qf5 24. Bxf6 Bxf6 25. e4 Qh3 26. Qd5+ Kg7 27. Rbd1 h5 28. Qc4 h4 29. Qf1 Qe6 30. Rd5 Rh8 31. Qg2 hxg3 32. hxg3 c4 33. e5 dxe5 34. bxc4 Ra8 35. Rdxe5 Qc8 36. Nd6 exd6 37. Re8 Rb1 38. Rxc8 Rxe1+ 39. Kh2 Rxc8 40. Qb7+ Re7 41. Qxc8 Bd4 42. Qd8 Re6 43. a5 Rf6 44. f4 Bc5 45. Kg2 Rf8 46. Qc7+ Rf7 47. Qc6 Re7 48. a6 Kh6 49. Qc8 Kg7 50. g4 Re2+ 51. Kg3 Re3+ 52. Kh4 Re7 53. Kg5 Bd4 54. f5 Be3+ 55. Kh4 Bf2+ 56. Kh3 Bc5 57. g5 Re3+ 58. Kg4 gxf5+ 59. Qxf5 Re8 60. Qd7+ Kf8 61. g6 1-0

[Event "Port of Spain Sub zt 2.3.5"]
[Site "Port of Spain"]
[Date "2014.03.31"]
[Round "7"]
[White "Matthews, Shane"]
[Black "Matoewi, Roger"]
[Result "1/2-1/2"]
[WhiteElo "2224"]
[BlackElo "2112"]
[PlyCount "188"]
[EventDate "2014.03.27"]
[EventType "swiss"]
[EventRounds "9"]
[EventCountry "TRI"]
[SourceTitle "EXT 2023"]
[Source "ChessBase"]
[SourceDate "2022.10.05"]
[SourceVersion "1"]
[SourceVersionDate "2022.10.05"]
[SourceQuality "1"]

1. e4 c5 2. Nf3 d6 3. d4 cxd4 4. Nxd4 Nf6 5. Nc3 g6 6. Be3 Bg7 7. f3 Nc6 8. Qd2 0-0 9. Bc4 Nxd4 10. Bxd4 Be6 11. Bb3 Bxb3 12. axb3 a6 13. 0-0-0 Rc8 14. Kb1 Qd7 15. g4 Qe6 16. h4 Nd7 17. Bxg7 Kxg7 18. h5 Rh8 19. h6+ Kf8 20. Qd4 f6 21. Nd5 Kf7 22. f4 Rhg8 23. g5 Rc5 24. gxf6 Nxf6 25. Nxf6 Qxf6 26. e5 Qf5 27. Rh2 Rc6 28. Re2 Qh5 29. e6+ Kf8 30. Qa7 Rc8 31. Qxb7 Re8 32. Red2 Qxh6 33. Rxd6 Qh3 34. Qd7 Kg7 35. Rxa6 h5 36. Ra7 Kh6 37. Qd5 Qg4 38. Ra5 Qxf4 39. Rh1 g5 40. Qd1 h4 41. Rf1 Qd6 42. Qg4 Rg6 43. Re1 Qd2 44. Ree5 Rc8 45. Qe4 Qd1+ 46. Ka2 Qxc2 47. Qg4 Qd2 48. Red5 Qc1 49. Rd7 Rc2 50. Qd4 Rg7 51. Ra8 Rc8 52. Raa7 Qc5 53. Qg4 Rc6 54. Ra8 Rc8 55. Ra4 Rb8 56. Qf3 Qb6 57. Rd5 Qxe6 58. Rxh4+ Kg6 59. Qd3+ Kf7 60. Re4 Ra8+ 61. Kb1 Qa6 62. Qf3+ Kg8 63. Ra4 Qg6+ 64. Ka2 Rf8 65. Qg4 Qf6 66. Raa5 Qf4 67. Qh5 Qf3 68. Rxg5 Qxh5 69. Rxg7+ Kxg7 70. Rxh5 Ra8+ 71. Kb1 Kf6 72. Kc2 e5 73. b4 Ke6 74. Kc3 Kd5 75. Rh7 Rg8 76. Rd7+ Kc6 77. Re7 Rg3+ 78. Kc4 Rg4+ 79. Kb3 Re4 80. Re8 Re2 81. Rc8+ Kb6 82. Re8 Kc6 83. Kc3 Re3+ 84. Kc4 Re4+ 85. Kb3 Re2 86. Kc3 Re3+ 87. Kd2 Rb3 88. Rxe5 Rxb4 89. Kc3 Rh4 90. Rg5 Kb6 91. Kb3 Rf4 92. Ka3 Rh4 93. b3 Rf4 94. Rg8 Rh4 1/2-1/2